ბათუმის შოთა რუსთაველის სახელმწიფო უნივერსიტეტის ბიბლიოთეკა

თხზულებათა სრული კრებული:მოთხრობები, პიესები, მემუარები.ტ.2 (ბიბ.ჩანაწერი № 42101)

000 -LEADER
fixed length control field 00964nam a2200217Ia 4500
001 - CONTROL NUMBER
control field 8792
003 - CONTROL NUMBER IDENTIFIER
control field GE_BSU
008 - FIXED-LENGTH DATA ELEMENTS--GENERAL INFORMATION
fixed length control field 181216s||||||||xx |||||||||||||| ||und||
040 ## - CATALOGING SOURCE
Transcribing agency GE_BSU
080 ## - UNIVERSAL DECIMAL CLASSIFICATION NUMBER
Universal Decimal Classification number 821.353.1-32
100 ## - MAIN ENTRY--PERSONAL NAME
Personal name კლდიაშვილი,დავით
245 ## - TITLE STATEMENT
Title თხზულებათა სრული კრებული:მოთხრობები, პიესები, მემუარები.ტ.2
245 ## - TITLE STATEMENT
Statement of responsibility, etc. პ/მგ.რედ:ს.კლდიაშვილი
260 ## - PUBLICATION, DISTRIBUTION, ETC.
Place of publication, distribution, etc. ტფილისი.
260 ## - PUBLICATION, DISTRIBUTION, ETC.
Name of publisher, distributor, etc. ფედერაცია.
260 ## - PUBLICATION, DISTRIBUTION, ETC.
Date of publication, distribution, etc. 1935
300 ## - PHYSICAL DESCRIPTION
Extent 354გვ;22სმ
300 ## - PHYSICAL DESCRIPTION
Other physical details დამატება შენიშვნები 349 გვ;მემუარებში აღნიშნულ სახელთა საძიებელი 351 გვ.
653 ## - INDEX TERM--UNCONTROLLED
Uncontrolled term მოთხრობები, პიესები, მემუარები
942 ## - ADDED ENTRY ELEMENTS (KOHA)
Koha item type წიგნი
ეგზემპლარები
Withdrawn status Lost status Damaged status Not for loan Date acquired Barcode Date last seen Price effective from Koha item type
        2018-12-17 31222 2018-12-17 2018-12-17 წიგნი